Statistics for Indie Bands (By Song)

Click here to take the quiz!

General Stats

  • This quiz has been taken 1,311 times
  • The average score is 5 of 15

Answer Stats

HintAnswer% Correct
Do I Wanna Know?Arctic Monkeys
86%
PompeiiBastille
84%
ChocolateThe 1975
57%
1901Phoenix
44%
BabelMumford & Sons
43%
Diane YoungVampire Weekend
42%
Helena BeatFoster the People
38%
ElephantTame Impala
37%
Wrecking BarThe Vaccines
23%
Everlasting LightThe Black Keys
22%
OblivionGrimes
18%
Go OutsideCults
10%
ApartmentYoung the Giant
10%
Block After BlockMatt & Kim
5%
You're Not the OneSky Ferreira
5%

Score Distribution

Percentile by Number Answered

Percent of People with Each Score

Your Score History

You have not taken this quiz